ARRUPE JESUIT UNIVERSITY

CORONAVIRUS -STOP THE SPREAD - CLEAN,DISINFECT,COVER

Global codes of conduct : (Record no. 125950)

MARC details
000 -LEADER
fixed length control field 01224cam a22003134a 4500
001 - CONTROL NUMBER
control field 11871111
003 - CONTROL NUMBER IDENTIFIER
control field ARRUPE
005 - DATE AND TIME OF LATEST TRANSACTION
control field 20170111153456.0
008 - FIXED-LENGTH DATA ELEMENTS--GENERAL INFORMATION
fixed length control field 991217s2000 inu b 001 0 eng
010 ## - LIBRARY OF CONGRESS CONTROL NUMBER
LC control number 99086826
020 ## - INTERNATIONAL STANDARD BOOK NUMBER
International Standard Book Number 0268010390 (alk. paper)
020 ## - INTERNATIONAL STANDARD BOOK NUMBER
International Standard Book Number 0268010404 (pbk. : alk. paper)
040 ## - CATALOGING SOURCE
Original cataloging agency DLC
Transcribing agency DLC
Modifying agency DLC
042 ## - AUTHENTICATION CODE
Authentication code pcc
050 00 - LIBRARY OF CONGRESS CALL NUMBER
Classification number HF5387
Item number .G58 2000
082 00 - DEWEY DECIMAL CLASSIFICATION NUMBER
Classification number 174/.4
Edition number 21
300 ## - PHYSICAL DESCRIPTION
Dimensions 23 cm.
245 00 - TITLE STATEMENT
Title Global codes of conduct :
Remainder of title an idea whose time has come /
Statement of responsibility, etc edited by Oliver F. Williams.
260 ## - PUBLICATION, DISTRIBUTION, ETC. (IMPRINT)
Place of publication, distribution, etc Notre Dame, Ind. :
Name of publisher, distributor, etc University of Notre Dame Press,
Date of publication, distribution, etc c2000.
300 ## - PHYSICAL DESCRIPTION
Extent xix, 407 p. ;
440 #4 - SERIES STATEMENT/ADDED ENTRY--TITLE
Title The John W. Houck Notre Dame series in business ethics
9 (RLIN) 28242
504 ## - BIBLIOGRAPHY, ETC. NOTE
Bibliography, etc Includes bibliographical references and index.
650 #0 - SUBJECT ADDED ENTRY--TOPICAL TERM
Topical term or geographic name as entry element Business ethics.
9 (RLIN) 12111
650 #0 - SUBJECT ADDED ENTRY--TOPICAL TERM
Topical term or geographic name as entry element International business enterprises.
9 (RLIN) 28255
650 #0 - SUBJECT ADDED ENTRY--TOPICAL TERM
Topical term or geographic name as entry element Industrial policy.
9 (RLIN) 12957
700 1# - ADDED ENTRY--PERSONAL NAME
Personal name Williams, Oliver F.
9 (RLIN) 28245
906 ## - LOCAL DATA ELEMENT F, LDF (RLIN)
a 7
b cbc
c orignew
d 1
e ocip
f 19
g y-gencatlg
942 ## - ADDED ENTRY ELEMENTS (KOHA)
Source of classification or shelving scheme Library of Congress Classification
Koha item type Monograph ( Printed materials)
Holdings
Withdrawn status Lost status Source of classification or shelving scheme Damaged status Not for loan Collection code Home library Current library Shelving location Date acquired Total Checkouts Full call number Barcode Date last seen Date checked out Price effective from Koha item type
    Library of Congress Classification     Main Collection ARRUPE LIBRARY ARRUPE LIBRARY Main Collection 11/01/2017 3 HF5387 .G58 2000 46500021868 30/04/2018 07/04/2017 11/01/2017 Monograph ( Printed materials)

 

Arrupe Library. PO Box MP320 Mt Pleasant, Harare, Zimbabwe
263 242 745411|librarian@aju.ac.zw